PALAYANAM (Record no. 7641)
[ view plain ]
| 000 -LEADER | |
|---|---|
| fixed length control field | 00355nam a22001577a 4500 |
| 020 ## - INTERNATIONAL STANDARD BOOK NUMBER | |
| ISBN | 978-81-226-3813-7 |
| 082 ## - DEWEY DECIMAL CLASSIFICATION NUMBER | |
| Classification number | 894.812.3 |
| Item number | MAD/P |
| 100 ## - MAIN ENTRY--AUTHOR NAME | |
| Personal name | MADHAVIKKUTTY |
| 245 ## - TITLE STATEMENT | |
| Title | PALAYANAM |
| 246 ## - VARYING FORM OF TITLE | |
| Title proper/short title | PALAYANAM |
| Remainder of title | PALAYANAM |
| 260 ## - PUBLICATION, DISTRIBUTION, ETC. (IMPRINT) | |
| Place of publication | THRISSUR |
| Name of publisher | CURRENT BOOKS |
| Year of publication | 2022 |
| 300 ## - PHYSICAL DESCRIPTION | |
| Number of Pages | 79 |
| 520 ## - SUMMARY, ETC. | |
| Summary, etc | STORIES |
| 650 ## - SUBJECT ADDED ENTRY--TOPICAL TERM | |
| Topical Term | MALAYALAM STORIES |
| 942 ## - ADDED ENTRY ELEMENTS (KOHA) | |
| Koha item type | Books |
| Withdrawn status | Lost status | Collection code | Home library | Current library | Shelving location | Date acquired | Source of acquisition | Cost, normal purchase price | Full call number | Accession Number | Koha item type |
|---|---|---|---|---|---|---|---|---|---|---|---|
| Fiction | Main Library | Main Library | NEW SHELF WITH NEW ENTRY | 20/11/1202 | Purchase | 115.00 | 894.812.3 MAD/P | 13371 | Books |